000 02012nam a2200325 4500
003 EC-UNACH
005 20251113154657.0
006 s||||gr|||| 00| 00
008 150116t9999 mx r gr 000 0 spa d
020 _a978-958-648-
040 _aEC-UNACH
_cEC-UNACH
041 _aspa
082 0 4 _223
_a620.86
_bL018460
100 _aHenao Robledo, Fernando
245 _aRiesgos en la construcción
250 _aPrimera Edición
264 _aBogotá - Colombia
_bEcoe Ediciones
_c2008
300 _a235 páginas
_bGráficos
_c24 x 17 centímetros
501 _aIncluye tabla de contenido
505 _aPolíticas de Salud Ocupacional -- Organización de la Salud Ocupacional -- Encargo / supervisor de Salud Ocupacional -- Supervisores (maestros de obra, capataces) -- Trabajadores -- Comité Paritario de Salud Ocupacional/Vigia -- Gestión para un trabajo seguro en la construcción -- Marco legal -- Diversas profesiones de la construcción -- Riesgos primarios en oficios especializados de construcción -- Riesgos químicos -- Riesgos físicos -- Riesgos biológicos -- Riesgos Sociales -- Trastornos musculoesquelético -- Fichas toxicológicas y fichas de riesgo -- Control de la exposición -- Reducción de la concentración de la exposición -- Controles de ingeniería -- Controles medio ambientales -- Protección personal -- Instalaciones sanitarias y comedores -- Plan de obra -- Orden y aseo -- Reglas a seguir -- Riesgos de los clavos -- Excavaciones -- Protección al público -- Protección de las propiedades -- Cortes sin entibación: taludes -- Cortes con entibación -- Causas de accidentes -- Medidas de seguridad para impedir el derrumbamiento de las excavaciones y las caídas -- Inspección.
650 _aNORMAS DE SEGURIDAD
650 _aMONTAJES
650 _aSOLDADURA
650 _aUSO DE VAPOR
650 _aTUBERÍAS
942 _2ddc
_c1
999 _c14172